| 000 | 00757nam a22002057a 4500 | ||
|---|---|---|---|
| 003 | DO-SdBNP | ||
| 005 | 20180226131034.0 | ||
| 008 | 151118b cu 1989 xxu||||| |||| 00| 0 spa d | ||
| 040 |
_aBPMSU _bspa _cBPMSU |
||
| 092 |
_axxxxxxxx _bxxxxxxxx |
||
| 100 | 1 | _4Loredo Alonso, Rómulo | |
| 245 | 1 | 3 |
_aLa calabaza de la finca de mi abuela : _bteatro para niños, con actores, muñecos y máscaras / _cRómulo Loredo Alonso ; edición Ángela Hechavarría ; ilustración Rolando Castro |
| 260 |
_aSantiago de Cuba : _bOriente, _c1989. |
||
| 300 |
_a32 p. : _bil. ; _c19 cm. |
||
| 700 | 1 | 2 |
_aHechavarría, Ángela, _eed. |
| 700 | 1 | 0 |
_aCastro, Rolando, _eil. |
| 942 |
_2ddc _cBK |
||
| 945 | _aInventariado, 2018 / BT | ||
| 956 |
_aBTAVAREZ _b10 _d20151118 _fBPMSU _h0038 |
||
| 999 |
_c8769 _d8769 |
||